| 000 | 00565nam a2200205Ia 4500 | ||
|---|---|---|---|
| 005 | 20250129054021.0 | ||
| 008 | 240331s9999 xx 000 0 und d | ||
| 020 | _a0805505X (ISSN) | ||
| 082 |
_bKNU _23875 _a304.2 |
||
| 100 | _aKnudsen, A. J | ||
| 245 | 0 |
_aLiving with the Commons: _bLocal Institutions for Natural Resource Management |
|
| 260 |
_aBergen _bChr. Michelsen Institute _c1995 |
||
| 300 | _avii, 132 p., | ||
| 650 | _aResource Management | ||
| 650 | _aEcology | ||
| 650 | _aEnvironment | ||
| 650 | _aFisheries | ||
| 650 | _aTradition | ||
| 942 | _cL | ||
| 999 |
_c1485 _d1485 |
||